000 00806nam a2200217 u 4500
005 20230525063718.0
008 100825s2009 mx r 000 0 spa d
020 _a9786074691184
035 _aUPN01000177513
049 _aLTG
050 4 _aLB1585
_bM6.6 2009
100 1 _aHuesca Guillén, Gustavo
245 1 0 _aCiencias naturales :
_bsexto grado /
_cGustavo Huesca Guillén, Luz María Luna Martínez, Nelly del Pilar Cervera Cobos.
260 _aMéxico :
_bSEP, Comisión Nacional de Libros de Texto Gratuitos,
_c2009.
300 _a111 p. :
_bil. col.
500 _aLibro de texto gratuito
650 4 _aCiencias naturales
_xEstudio y enseñanza (Elemental)
_92812
700 1 _aLuna Martínez, Luz María,
_ecoaut.
700 1 _aCervera Cobos, Nelly del Pilar,
_ecoaut.
_935984
905 _aLibro
999 _c149616
_d149616